Computer education a must in schools - Pimentel/ (Record no. 361760)
[ view plain ]
| 000 -LEADER | |
|---|---|
| fixed length control field | 00431nam a2200157Ia 4500 |
| 008 - FIXED-LENGTH DATA ELEMENTS--GENERAL INFORMATION | |
| fixed length control field | 190430s9999 xx 000 0 und d |
| 100 ## - MAIN ENTRY--PERSONAL NAME | |
| Personal name | Romero, Paolo |
| 245 ## - TITLE STATEMENT | |
| Title | Computer education a must in schools - Pimentel/ |
| 245 ## - TITLE STATEMENT | |
| Statement of responsibility, etc | Paolo Romero |
| 260 ## - PUBLICATION, DISTRIBUTION, ETC. (IMPRINT) | |
| Name of publisher, distributor, etc | The Philippine Star |
| 260 ## - PUBLICATION, DISTRIBUTION, ETC. (IMPRINT) | |
| Date of publication, distribution, etc | 2019 |
| 300 ## - PHYSICAL DESCRIPTION | |
| Extent | Page 12, January 17 |
| 440 ## - SERIES STATEMENT/ADDED ENTRY--TITLE | |
| Title | The Philippine Star |
| Volume number/sequential designation | 33: 174 |
| 650 ## - SUBJECT ADDED ENTRY--TOPICAL TERM | |
| Topical term or geographic name as entry element | computer subject |
| 650 ## - SUBJECT ADDED ENTRY--TOPICAL TERM | |
| Topical term or geographic name as entry element | Education |
| Withdrawn status | Lost status | Damaged status | Home library | Current library | Date acquired | Total Checkouts | Date last seen | Price effective from | Koha item type |
|---|---|---|---|---|---|---|---|---|---|
| Luxembourg Library | Luxembourg Library | 04/30/2019 | 04/30/2019 | 04/30/2019 | Periodicals |